Statistics for Imagine Dragons Songs

Click here to take the quiz!

General Stats

  • This quiz has been taken 122 times
  • The average score is 57 of 92

Answer Stats

Answer% Correct
Believer
93%
Demons
89%
Demons
89%
Radioactive
87%
Radioactive
87%
Thunder
84%
It's Time
82%
It's Time
82%
It's Time
82%
Gold
80%
Natural
80%
Amsterdam
79%
Amsterdam
79%
Bad Liar
77%
Walking The Wire
75%
Whatever It Takes
75%
Shots
74%
Birds
72%
On Top of the World
72%
On Top of the World
72%
Smoke and Mirrors
72%
Dream
70%
I Bet My Life
70%
Monster
69%
Mouth Of The River
69%
Next To Me
69%
Polaroid
69%
Rise Up
69%
Warriors
69%
Bleeding Out
67%
The Fall
67%
Tiptoe
67%
America
66%
I Don't Know Why
66%
I'm So Sorry
66%
Love
66%
Yesterday
66%
Zero
66%
Dancing in the Dark
64%
Friction
64%
Hear Me
64%
Hear Me
64%
Nothing Left to Say
64%
Selene
64%
Bullet In A Gun
62%
Machine
62%
Underdog
62%
Boomerang
61%
Cool Out
61%
Digital
61%
I'll Make It Up To You
61%
Start Over
61%
Battle Cry
59%
Cha-Ching (Till We Grow Older)
59%
Every Night
59%
Stuck
59%
Tokyo
59%
West Coast
59%
Hopeless Opus
57%
Summer
57%
The River
57%
Thief
57%
Working Man
57%
Only
56%
Release
56%
Rocks
56%
Who We Are
56%
Burn Out
54%
Emma
54%
Real Life
54%
Cover Up
52%
My Fault
52%
The Unknown
51%
All Eyes
49%
Fallen
49%
It Comes Back To You
49%
Round and Round
49%
Second Chances
49%
Trouble
49%
Curse
48%
Drive
48%
I Don't Mind
48%
Pantomime
44%
Uptight
44%
I Need A Minute
39%
Leave Me
39%
Look How Far We've Come
39%
Speak To Me
39%
Boots
38%
Pistol Whip
33%
Living Musical
28%
The Pit
26%

Score Distribution

Percentile by Number Answered

Percent of People with Each Score

Your Score History

You have not taken this quiz